00974cam a2200277 a 45000010009000000050017000090080041000260100017000670150019000840160018001030200035001210200038001560200035001940200038002290350023002670350020002900500022003101000018003322450040003502600081003903000027004714400030004985040068005286500024005968560076006201468306020170206084434.0061229s2007 enk b 001 0 eng  a 2006103408 aGBA6895432bnb7 a0135836022Uk a019921624X (hbk. : alk. paper) a9780199216246 (hbk. : alk. paper) a0199216231 (pbk. : alk. paper) a9780199216239 (pbk. : alk. paper) a(OCoLC)ocm74522275 a(OCoLC)7452227500aBD418.3 .B77 20071 aBurge, Tyler.10aFoundations of mind /cTyler Burge. aOxford :bClarendon ;aOxford ;aNew York :bOxford University Press,c2007. axiii, 494 p. ;c24 cm. 0aPhilosophical essays ;v2 aIncludes bibliographical references (p. [465]-478) and indexes. 0aPhilosophy of mind.413Table of contentsuhttp://www.loc.gov/catdir/toc/fy0716/2006103408.html